Ortesis y prótesis del aparato locomotor
Gardado en:
| Main Authors: | , , |
|---|---|
| Formato: | Libro |
| Idioma: | Lingua castelá |
| Publicado: |
Barcelona
Masson
1985
|
| Edición: | 1a. ed |
| Subjects: | |
| Tags: |
Engadir etiqueta
Sen Etiquetas, Sexa o primeiro en etiquetar este rexistro!
|
MARC
| LEADER | 00000nam a2200000 a 4500 | ||
|---|---|---|---|
| 001 | UCH3557 | ||
| 003 | CL-VaPUC | ||
| 008 | 090811e19850000SP |||||||||||||||||spa|d | ||
| 020 | |a 8445806114 | ||
| 020 | |a 8445804170v.1 | ||
| 082 | 0 | 4 | |a 612.76 |b VIL |2 21 |
| 100 | 0 | |a Viladot Pericé, Ramón |e author |9 538897 | |
| 700 | 0 | |a Cohí Riambau, Oriol |e author |9 538898 | |
| 700 | 0 | |a Clavell Paloma, Salvador |e author |9 538899 | |
| 245 | 1 | 0 | |a Ortesis y prótesis del aparato locomotor |
| 250 | |a 1a. ed | ||
| 300 | |a v | ||
| 942 | |c BK | ||
| 945 | |d 20090811 00:00:00 |a cmena | ||
| 260 | |a Barcelona |b Masson |c 1985 | ||
| 500 | |a v.1: Columna vertebral | ||
| 500 | |a v.2-1: Extremidad inferior: anatomía, biomecánica, deformidades congénitas y adquiridas, patología del pie | ||
| 500 | |a v.2-2: Extremidad inferior: parálisis, fracturas, lesiones ligamentosas de rodilla y tobillo, amputaciones y protetización | ||
| 500 | |a v.3: Extremidad superior | ||
| 650 | 0 | |a Aparato locomotor (musculoesqueleto) |9 474697 | |
| 650 | 0 | |a Biomecánica |9 307420 | |
| 650 | 7 | |a ORTESIS |2 CL-VaPUC |9 538529 | |
| 650 | 0 | |a Prótesis |9 353217 | |
| 583 | |a last modification |c 20090811 00:00:00 |k Rodrigo Vera | ||
| 999 | |c 335040 |d 335038 | ||
| 952 | |0 0 |1 0 |4 0 |6 612_760000000000000_VIL_1985 |7 0 |8 A |9 424575 |a BIBCUR |b BIBCUR |d 2019-11-22 |h v.1 |i 1088254 |l 1 |o 612.76 VIL 1985 |p 1088254 |r 2025-04-22 |s 2022-10-07 |w 2019-11-22 |y BK |k KIN | ||
| 952 | |0 0 |1 0 |4 0 |6 612_760000000000000_VIL_1985 |7 0 |8 A |9 424576 |a BIBCUR |b BIBCUR |d 2019-11-22 |h v.2-1 |i 1088262 |o 612.76 VIL 1985 |p 1088262 |r 2025-04-22 |w 2019-11-22 |y BK |k KIN | ||
| 952 | |0 0 |1 0 |4 0 |6 612_760000000000000_VIL_1985 |7 0 |8 A |9 424577 |a BIBCUR |b BIBCUR |d 2019-11-22 |h v.2-2 |i 1088270 |o 612.76 VIL 1985 |p 1088270 |r 2025-04-22 |w 2019-11-22 |y BK |k KIN | ||
| 952 | |0 0 |1 0 |4 0 |6 612_760000000000000_VIL_1985 |7 0 |8 A |9 424578 |a BIBCUR |b BIBCUR |d 2019-11-22 |h v.2-2 |i 1088289 |o 612.76 VIL 1985 |p 1088289 |r 2025-04-22 |w 2019-11-22 |y BK |k KIN | ||
| 952 | |0 0 |1 0 |4 0 |6 612_760000000000000_VIL_1985 |7 0 |8 A |9 424579 |a BIBCUR |b BIBCUR |d 2019-11-22 |h v.3 |i 1088297 |o 612.76 VIL 1985 |p 1088297 |r 2025-04-22 |w 2019-11-22 |y BK |k KIN | ||